Philosophie der Mathematik und Naturwissenschaft.

保存先:
書誌詳細
第一著者: Weyl, Hermann, 1885-1955
フォーマット: 図書
言語:English
出版事項: Munchen : Leibniz Verlag, [1948?].
版:2. unveranderte Aufl.
シリーズ:Handbuch der Philosophie. Munchen ; Bd. 4
主題:
LEADER 00852nam a2200229 i 4500
001 c000026669
003 CARM
005 00000000000000.0
008 850311s1948 gw 0 eng d
019 1 |a 9249958  |5 LACONCORD2021 
035 |a (OCoLC)221296568  |5 LACONCORD2021 
100 1 |a Weyl, Hermann,  |d 1885-1955. 
245 1 0 |a Philosophie der Mathematik und Naturwissenschaft. 
250 |a 2. unveranderte Aufl. 
260 |a Munchen :  |b Leibniz Verlag,  |c [1948?]. 
300 |a 172 p. 
440 0 |a Handbuch der Philosophie. Munchen ;  |v Bd. 4 
650 0 |a Mathematics  |x Philosophy. 
650 0 |a Science  |x Philosophy. 
852 8 |b CARM  |h A2:AE25C0  |i C00319  |p 0019455  |f BK 
999 f f |i 2f106f62-e289-5f15-bcab-26b0da7782ad  |s d874dcc6-eebe-507f-8053-687cc2a601eb 
952 f f |p Can circulate  |a CAVAL  |b CAVAL  |c CAVAL  |d CARM 1 Store  |e C00319  |f A2:AE25C0  |h Other scheme  |i book  |m 0019455